Simulation Modeling and Analysis / (Record no. 17252)
[ view plain ]
| 000 -LEADER | |
|---|---|
| fixed length control field | 00997nam a2200289 a 4500 |
| 001 - CONTROL NUMBER | |
| control field | 013625907 |
| 003 - CONTROL NUMBER IDENTIFIER | |
| control field | Uk |
| 005 - DATE AND TIME OF LATEST TRANSACTION | |
| control field | 20131008124654.0 |
| 008 - FIXED-LENGTH DATA ELEMENTS--GENERAL INFORMATION | |
| fixed length control field | 060323s2006 maua b 001 0 eng |
| 020 ## - INTERNATIONAL STANDARD BOOK NUMBER | |
| International Standard Book Number | 0071255192 (pbk.) |
| 020 ## - INTERNATIONAL STANDARD BOOK NUMBER | |
| International Standard Book Number | 9780071255196 (pbk.) |
| 020 ## - INTERNATIONAL STANDARD BOOK NUMBER | |
| International Standard Book Number | 0072988436 (hard copy : alk. paper) |
| 020 ## - INTERNATIONAL STANDARD BOOK NUMBER | |
| International Standard Book Number | 9780072988437 (hard copy : alk. paper) |
| 082 04 - DEWEY DECIMAL CLASSIFICATION NUMBER | |
| Classification number | 658.40352 |
| Edition number | 22 |
| Item number | LAW |
| 100 1# - MAIN ENTRY--PERSONAL NAME | |
| Personal name | Law, Averill M. |
| 9 (RLIN) | 17906 |
| 245 10 - TITLE STATEMENT | |
| Title | Simulation Modeling and Analysis / |
| Statement of responsibility, etc | Averill M. Law. |
| 250 ## - EDITION STATEMENT | |
| Edition statement | 4th ed. |
| 260 ## - PUBLICATION, DISTRIBUTION, ETC. (IMPRINT) | |
| Place of publication, distribution, etc | Boston ; |
| -- | London : |
| Name of publisher, distributor, etc | McGraw-Hill, |
| Date of publication, distribution, etc | 2006. |
| 300 ## - PHYSICAL DESCRIPTION | |
| Extent | xix, 768 p. : |
| Other physical details | ill. ; |
| Dimensions | 24 cm. |
| Accompanying material | + 1 CD-ROM (4 3/4 in.) |
| 490 1# - Series Statement | |
| Series statement | McGraw-Hill series in industrial engineering and management science |
| 500 ## - GENERAL NOTE | |
| General note | Previous ed.: 2000. |
| 504 ## - BIBLIOGRAPHY, ETC. NOTE | |
| Bibliography, etc | Includes bibliographical references (p. 719-750) and index. |
| 650 #0 - SUBJECT ADDED ENTRY--TOPICAL TERM | |
| Topical term or geographic name as entry element | Digital computer simulation. |
| 9 (RLIN) | 17907 |
| 653 ## - INDEX TERM--UNCONTROLLED | |
| Resource For college | |
| Arrived date list | February2013 |
| 653 ## - INDEX TERM--UNCONTROLLED | |
| Resource For college | |
| Arrived date list | September2013 |
| -- | October2013 |
| 942 ## - ADDED ENTRY ELEMENTS (KOHA) | |
| Source of classification or shelving scheme | Dewey Decimal Classification |
| Item type | Book - Borrowing |
| Withdrawn status | Item status | Source of classification or shelving scheme | Damaged status | Not for loan | Vendor | Home library | Current library | Shelving location | Date acquired | Source of acquisition | Cost, normal purchase price | Serial Enumeration / chronology | Total Checkouts | Full call number | Barcode | Date last seen | Koha item type | Total Renewals | Date last borrowed |
|---|---|---|---|---|---|---|---|---|---|---|---|---|---|---|---|---|---|---|---|
| Dewey Decimal Classification | Baccah | Central Library | Central Library | First floor | 06/02/2013 | 289.00 | 16976 | 658.40352 LAW | 000028022 | 15/07/2025 | Book - Borrowing | ||||||||
| Dewey Decimal Classification | Baccah | Central Library | Central Library | First floor | 06/02/2013 | 658.40352 LAW | 000028023 | 24/08/2022 | CD | DVD - With book | ||||||||||
| Dewey Decimal Classification | Baccah | Central Library | Central Library | First floor | 08/10/2013 | 1 | 658.40352 LAW | 000029194 | 15/07/2025 | Book - Borrowing | 1 | 02/11/2016 | |||||||
| Dewey Decimal Classification | Baccah | Central Library | Central Library | First floor | 08/10/2013 | 658.40352 LAW | 000029195 | 15/07/2025 | Book - Borrowing | ||||||||||
| Dewey Decimal Classification | Baccah | Central Library | Central Library | First floor | 08/10/2013 | 658.40352 LAW | 000029196 | 24/08/2022 | CD | DVD - With book | ||||||||||
| Dewey Decimal Classification | Baccah | Central Library | Central Library | First floor | 08/10/2013 | 658.40352 LAW | 000029275 | 24/08/2022 | CD | DVD - With book |